[Event "Campeonato de Euskadi Juvenil"]
[Site "Eibar"]
[Date "2013.04.05"]
[Round "5.1"]
[White "Ochoa De Eribe Martinez, Daniel"]
[Black "Urriza Iricibar, Pablo"]
[Result "0-1"]
[WhiteElo "1890"]
[BlackElo "2088"]
[PlyCount "64"]
[EventDate "2013.04.02"]
[SourceDate "2005.01.01"]

1. e4 c5 2. Nf3 Nc6 3. d4 cxd4 4. Nxd4 Nf6 5. Nc3 g6 6. Nxc6 bxc6 7. e5 Nd5 8.
Nxd5 cxd5 9. Qxd5 Rb8 10. Bc4 e6 11. Qd4 Qc7 12. O-O Bg7 13. Re1 O-O 14. Bg5
Rb4 15. b3 d5 16. a3 Rb6 17. Bd3 Ba6 18. f4 Bxd3 19. Qxd3 Rc8 20. Re2 Rc6 21.
Ra2 Rc3 22. Qd1 Bf8 {Diagrama #} 23. Bh4 Bxa3 24. Bf2 Bc5 25. Qa1 Bxf2+ 26.
Rxf2 Qc5 27. Kf1 Qb5+ 28. Kg1 Qb6 29. Kf1 a5 30. Qd1 Qc5 31. Qe2 d4 32. g3 Qd5
0-1

[Event "Campeonato de Euskadi Juvenil"]
[Site "Eibar"]
[Date "2013.04.05"]
[Round "5.4"]
[White "Buiza Prieto, Aizbeltz"]
[Black "Llano Olabarrieta, Joseba"]
[Result "1-0"]
[WhiteElo "2005"]
[BlackElo "1791"]
[PlyCount "75"]
[EventDate "2013.04.02"]
[SourceDate "2005.01.01"]

1. a3 Nf6 2. e3 c5 3. d4 cxd4 4. exd4 d5 5. Nf3 Nc6 6. Be2 Bf5 7. Bf4 e6 8. O-O
Be7 9. Nbd2 h6 10. c3 O-O 11. Re1 Rc8 12. Qb3 Na5 13. Qa4 a6 14. b4 Nc4 15. Qb3
b5 16. Nxc4 dxc4 17. Qb2 Nd5 18. Bd2 Nb6 19. Bd1 Ra8 20. a4 Qc7 21. Ne5 Bd6 22.
Bf3 Nd5 23. axb5 axb5 {Diagrama #} 24. Rxa8 Rxa8 25. Ra1 Qb7 26. Ra3 Rxa3 27.
Qxa3 Bxe5 28. dxe5 Bd3 29. Be3 Bf5 30. Bd4 Bg6 31. Qa5 Kh7 32. h4 Bd3 33. Qd8
Bf5 34. g4 Bg6 35. g5 h5 36. Qf8 Qa6 37. Bxd5 exd5 38. e6 1-0

[Event "Campeonato de Euskadi Juvenil"]
[Site "Eibar"]
[Date "2013.04.05"]
[Round "5.5"]
[White "Lomas Romero, Benat"]
[Black "Jauregi Barandiaran, Jon"]
[Result "1-0"]
[WhiteElo "1758"]
[BlackElo "1603"]
[PlyCount "71"]
[EventDate "2013.04.02"]
[SourceDate "2005.01.01"]

1. e4 d6 2. d4 Nf6 3. Nc3 e5 4. Nf3 Nbd7 5. Bc4 Be7 6. O-O O-O 7. Re1 c6 8. a4
b6 9. d5 Bb7 10. b3 Rc8 11. Re2 cxd5 12. Nxd5 Bxd5 13. Bxd5 Nxd5 14. Qxd5 Nf6
15. Qd1 d5 16. exd5 Qxd5 17. Qxd5 Nxd5 18. c4 Nb4 19. Nxe5 Bf6 20. Bb2 Rfe8 21.
Rc1 Re6 22. Ba3 Rce8 23. Bxb4 Rxe5 24. Rxe5 Bxe5 25. g3 f5 26. Kf1 Kf7 27. Ke2
Ke6 28. Kd3 Kd7 29. Bc3 Bd6 30. Bxg7 Kc6 31. Bh6 a6 32. h3 Kd7 33. g4 Ke6 34.
Be3 Be7 35. Bd4 Bd8 36. b4 1-0

[Event "Campeonato de Euskadi Juvenil"]
[Site "Eibar"]
[Date "2013.04.05"]
[Round "5.6"]
[White "Laseca Arana, Irati"]
[Black "Vicente Ezeiza, Mikel"]
[Result "0-1"]
[WhiteElo "1595"]
[BlackElo "1701"]
[PlyCount "58"]
[EventDate "2013.04.02"]
[SourceDate "2005.01.01"]

1. e4 b6 2. d4 Bb7 3. Nc3 e6 4. Nf3 Bb4 5. Bd3 Nf6 6. Ne5 d6 7. Nf3 Nxe4 8. Bd2
Nxd2 9. Qxd2 Qf6 10. O-O-O Nd7 11. a3 Bxc3 12. Qxc3 c5 13. Bb5 Bxf3 14. gxf3 a6
15. Bc6 O-O-O 16. Qe3 Nb8 17. Ba8 Rd7 18. Qb3 Ra7 19. Be4 b5 20. c4 bxc4 21.
Qb6 Qf4+ 22. Kb1 Rc7 23. dxc5 d5 24. Bc2 Rb7 25. Qa5 Qe5 26. b4 cxb3 27. Bd3
Qc7 28. Qc3 f6 29. c6 Rb6 0-1

[Event "Campeonato de Euskadi Juvenil"]
[Site "Eibar"]
[Date "2013.04.05"]
[Round "6.1"]
[White "Urriza Iricibar, Pablo"]
[Black "Barrio Ugidos, Ibon"]
[Result "1-0"]
[WhiteElo "2088"]
[BlackElo "1925"]
[PlyCount "73"]
[EventDate "2013.04.02"]
[SourceDate "2005.01.01"]

1. e4 c5 2. Nf3 d6 3. d4 cxd4 4. Nxd4 Nf6 5. Nc3 g6 6. f3 Bg7 7. Be3 O-O 8. Qd2
Nc6 9. O-O-O d5 10. Qe1 a6 11. h4 h5 12. Nxc6 bxc6 13. e5 Nd7 14. f4 e6 15. Na4
a5 16. g4 hxg4 17. h5 gxh5 18. Rxh5 f5 19. Rg5 Kf7 20. Bd3 Rh8 {Diagrama #} 21.
Bxf5 exf5 22. e6+ Kf8 23. exd7 Bxd7 24. Bc5+ Kf7 25. Rxg7+ Kxg7 26. Bd4+ Kf7
27. Bxh8 Qxh8 28. Nb6 Ra7 29. Qe3 Rb7 30. Re1 Qd8 31. Nxd7 Qxd7 32. Rh1 Kg6 33.
Qe5 Rc7 34. Rh8 Qe7 35. Rg8+ Kh6 36. Qh8+ Qh7 37. Qf6+ 1-0

[Event "Campeonato de Euskadi Juvenil"]
[Site "Eibar"]
[Date "2013.04.05"]
[Round "6.2"]
[White "Buiza Prieto, Aizbeltz"]
[Black "Ruiz Abad, Juan Manuel"]
[Result "1-0"]
[WhiteElo "2005"]
[BlackElo "2033"]
[PlyCount "71"]
[EventDate "2013.04.02"]
[SourceDate "2005.01.01"]

1. e4 c5 2. Nf3 Nc6 3. d4 cxd4 4. Nxd4 e5 5. Nb5 d6 6. N1c3 a6 7. Na3 b5 8. Nd5
Nge7 9. Bg5 h6 10. Bxe7 Bxe7 11. c4 b4 12. Nc2 Rb8 13. b3 Be6 14. Qf3 Qc8 15.
Be2 Bd8 16. Rd1 O-O 17. g4 Bxd5 18. Rxd5 Qe6 19. h4 Ne7 20. Rd1 Ng6 21. g5 Bb6
22. gxh6 gxh6 23. c5 Bxc5 24. Bc4 Qe7 25. Ne3 Bxe3 26. fxe3 Rfc8 27. h5 {
Diagrama #} 27... Rxc4 28. hxg6 Rc7 29. Rxh6 Qg5 30. Qh3 Rbb7 31. Rh8+ Kg7 32.
Qh7+ Kf6 33. Rxd6+ Ke7 34. Qxf7+ Kxd6 35. Qd5+ Ke7 36. Qd8+ 1-0

[Event "Campeonato de Euskadi Juvenil"]
[Site "Eibar"]
[Date "2013.04.05"]
[Round "6.3"]
[White "Vadillo Jueguen, Jon M"]
[Black "Ochoa De Eribe Martinez, Daniel"]
[Result "0-1"]
[WhiteElo "1581"]
[BlackElo "1890"]
[PlyCount "108"]
[EventDate "2013.04.02"]
[SourceDate "2005.01.01"]

1. e4 c5 2. Nf3 Nc6 3. Bb5 d6 4. d4 cxd4 5. Qxd4 Bd7 6. Bxc6 Bxc6 7. Nc3 e6 8.
Qd3 Nf6 9. Bg5 Be7 10. O-O-O O-O 11. Nd4 Bd7 12. f4 Qc7 13. h4 Rfd8 14. g4 Rac8
15. Rdg1 b5 16. Kb1 b4 17. Nce2 Ba4 18. b3 Bc6 19. Bxf6 Bxf6 20. g5 Bxd4 21.
Nxd4 Qb7 22. Nxc6 Qxc6 23. f5 d5 24. e5 exf5 25. Qxf5 Qg6 26. Qxg6 hxg6 27. Rd1
Kf8 28. Rd4 a5 29. Rhd1 Rc5 30. Kb2 Ke7 31. a3 bxa3+ 32. Kxa3 Ke6 33. c4 Kxe5
34. Rxd5+ Rcxd5 35. Rxd5+ Rxd5 36. cxd5 Kxd5 37. Ka4 f5 38. gxf6 gxf6 39. Kxa5
f5 40. b4 f4 41. b5 f3 42. b6 f2 43. b7 f1=Q 44. b8=Q Qa1+ 45. Kb6 Qb2+ 46. Kc7
Qxb8+ 47. Kxb8 Ke5 48. Kc7 Kf4 49. Kd6 Kg4 50. Ke5 Kxh4 51. Kf4 g5+ 52. Kf3 Kh3
53. Kf2 g4 54. Kg1 Kg3 0-1

[Event "Campeonato de Euskadi Juvenil"]
[Site "Eibar"]
[Date "2013.04.05"]
[Round "6.4"]
[White "Lertxundi Azpiazu, Jon"]
[Black "Lomas Romero, Benat"]
[Result "0-1"]
[WhiteElo "1461"]
[BlackElo "1758"]
[PlyCount "44"]
[EventDate "2013.04.02"]
[SourceDate "2005.01.01"]

1. e4 c5 2. Nf3 Nc6 3. Nc3 g6 4. d3 Bg7 5. g3 d6 6. Bg2 e6 7. Be3 Nd4 8. Rb1
Ne7 9. O-O O-O 10. Qd2 Rb8 11. Bh6 b5 12. Bxg7 Kxg7 13. Nxd4 cxd4 14. Ne2 e5
15. f4 f5 16. fxe5 dxe5 17. Rf2 Qd6 18. Rbf1 Bd7 19. exf5 Nxf5 20. Re1 Ne3 21.
Rxf8 Qxf8 22. Kh1 Qf2 0-1

[Event "Campeonato de Euskadi Juvenil"]
[Site "Eibar"]
[Date "2013.04.05"]
[Round "6.5"]
[White "Llano Olabarrieta, Joseba"]
[Black "Vicente Ezeiza, Mikel"]
[Result "1-0"]
[WhiteElo "1791"]
[BlackElo "1701"]
[PlyCount "37"]
[EventDate "2013.04.02"]
[SourceDate "2005.01.01"]

1. e4 b6 2. d4 Bb7 3. Nc3 e6 4. Bd3 Bb4 5. Nge2 Nf6 6. O-O O-O 7. e5 Nd5 8. Ne4
Be7 9. c3 d6 10. f4 f6 11. exf6 Nxf6 12. Ng5 Bc8 13. Ng3 h6 14. Nf3 Nbd7 15.
Re1 Nd5 16. Qb3 Nxf4 17. Bxf4 Rxf4 18. Qxe6+ Kf8 19. Bc4 1-0

[Event "Campeonato de Euskadi Juvenil"]
[Site "Eibar"]
[Date "2013.04.05"]
[Round "6.6"]
[White "Hernansanz Lorenzo, Iker"]
[Black "Campo Medina, Ruben"]
[Result "1-0"]
[WhiteElo "1816"]
[BlackElo "1565"]
[PlyCount "53"]
[EventDate "2013.04.02"]
[SourceDate "2005.01.01"]

1. b4 e5 2. g3 g6 3. Bg2 Bg7 4. e3 d6 5. Nf3 Be6 6. c4 Ne7 7. Qc2 Nd7 8. Bb2
O-O 9. d4 Bg4 10. a3 Bxf3 11. Bxf3 Rb8 12. O-O Nf5 13. Be4 Ne7 14. c5 f5 15.
Bxb7 Rxb7 16. c6 Rb8 17. cxd7 Qxd7 18. dxe5 dxe5 19. Rd1 Qc8 20. Nd2 Rd8 21.
Nf3 Rxd1+ 22. Rxd1 e4 23. Qc4+ Kf8 24. Bxg7+ Kxg7 25. Ng5 Kh6 26. h4 c6 27. Qf7
1-0

[Event "Campeonato de Euskadi Juvenil"]
[Site "Eibar"]
[Date "2013.04.06"]
[Round "7.1"]
[White "Lomas Romero, Benat"]
[Black "Urriza Iricibar, Pablo"]
[Result "1/2-1/2"]
[WhiteElo "1758"]
[BlackElo "2088"]
[PlyCount "47"]
[EventDate "2013.04.02"]
[SourceDate "2005.01.01"]

1. e4 e6 2. d4 d5 3. Nc3 Bb4 4. exd5 exd5 5. Bd3 Nc6 6. a3 Be7 7. Nge2 Bf6 8.
Be3 Nge7 9. Qd2 Bf5 10. h3 h5 11. O-O-O g6 12. Bg5 Bxg5 13. Qxg5 Bxd3 14. Rxd3
Qd7 15. Rf3 Rh7 16. Rd1 O-O-O 17. Rfd3 Na5 18. b3 c6 19. Ng1 Qe6 20. Kb2 f6 21.
Qd2 b6 22. Nf3 g5 23. Rc1 Nf5 24. Nd1 1/2-1/2

[Event "Campeonato de Euskadi Juvenil"]
[Site "Eibar"]
[Date "2013.04.06"]
[Round "7.2"]
[White "Ruiz Abad, Juan Manuel"]
[Black "Barrio Ugidos, Ibon"]
[Result "0-1"]
[WhiteElo "2033"]
[BlackElo "1925"]
[PlyCount "68"]
[EventDate "2013.04.02"]
[SourceDate "2005.01.01"]

1. e4 c5 2. Nf3 d6 3. d4 cxd4 4. Nxd4 Nf6 5. Nc3 g6 6. Be3 Bg7 7. f3 O-O 8. Qd2
Nc6 9. Bc4 Bd7 10. O-O-O Rc8 11. Bb3 Nxd4 12. Bxd4 b5 13. Nd5 Nxd5 14. Bxg7
Kxg7 15. exd5 a5 16. a3 Kg8 17. h4 Rc5 18. g4 b4 19. axb4 axb4 20. Qxb4 Qa8 21.
Kd2 Rb8 22. Qe4 f5 23. Qd3 Qa5+ 24. Ke3 fxg4 25. fxg4 Bxg4 26. Rdg1 Bh5 27. Rg5
Rf8 28. Rxh5 gxh5 29. Rg1+ Kh8 30. Ke2 Qa7 31. Rg5 Rcc8 32. c4 Rf2+ 33. Ke1
Rcf8 34. Bc2 Qa5+ 0-1

[Event "Campeonato de Euskadi Juvenil"]
[Site "Eibar"]
[Date "2013.04.06"]
[Round "7.3"]
[White "Ochoa De Eribe Martinez, Daniel"]
[Black "Buiza Prieto, Aizbeltz"]
[Result "1-0"]
[WhiteElo "1890"]
[BlackElo "2005"]
[PlyCount "51"]
[EventDate "2013.04.02"]
[SourceDate "2005.01.01"]

1. e4 c5 2. Nf3 e6 3. d4 cxd4 4. Nxd4 Nf6 5. Nc3 Nc6 6. Be2 d5 7. exd5 exd5 8.
O-O Be7 9. Be3 O-O 10. Bf3 Ne5 11. h3 Re8 12. Bf4 Nxf3+ 13. Nxf3 Be6 14. Nb5
Rc8 15. Nxa7 Rc4 16. Be3 Qd7 17. Ne5 Qc7 18. Nxc4 Qxc4 19. Qd3 Qh4 20. Bd4 Ne4
21. Nb5 Bf5 22. Rad1 Bg5 23. Nc3 Bf4 24. Nxe4 dxe4 25. Qb5 h6 26. Qxf5 1-0

[Event "Campeonato de Euskadi Juvenil"]
[Site "Eibar"]
[Date "2013.04.06"]
[Round "7.4"]
[White "Hernansanz Lorenzo, Iker"]
[Black "Llano Olabarrieta, Joseba"]
[Result "0-1"]
[WhiteElo "1816"]
[BlackElo "1791"]
[PlyCount "90"]
[EventDate "2013.04.02"]
[SourceDate "2005.01.01"]

1. d4 d5 2. e3 Nf6 3. Nd2 e6 4. Bd3 c5 5. c3 Nc6 6. Ngf3 Be7 7. O-O O-O 8. Qe2
cxd4 9. exd4 Qc7 10. Re1 a6 11. Nf1 b5 12. a3 Na5 13. Bg5 Nc4 14. Qc2 h6 15.
Bh4 Bb7 16. Bg3 Bd6 17. Ne5 Nh5 18. Nxc4 bxc4 19. Bxd6 Qxd6 20. Be2 Nf4 21. Ng3
Bc6 22. a4 Rab8 23. Nh5 Ng6 24. Bd1 a5 25. Qd2 Rb6 26. Re3 Rfb8 27. Ra2 R8b7
28. Rh3 Qf8 29. Qc1 Bd7 30. Rg3 Qb8 31. Nxg7 Kxg7 32. h4 Rxb2 33. Rxb2 Rxb2 34.
h5 Rb1 35. Qc2 Qb3 36. Rxg6+ Kf8 37. Kh2 Rxd1 38. Qe2 fxg6 39. hxg6 Kg7 40.
Qe5+ Kxg6 41. g4 Qb1 42. Qh5+ Kg7 43. Kg3 Qd3+ 44. Kg2 Qe4+ 45. f3 Qf4 0-1

[Event "Campeonato de Euskadi Juvenil"]
[Site "Eibar"]
[Date "2013.04.06"]
[Round "7.5"]
[White "Vadillo Jueguen, Jon M"]
[Black "Jauregi Barandiaran, Jon"]
[Result "1/2-1/2"]
[WhiteElo "1581"]
[BlackElo "1603"]
[PlyCount "62"]
[EventDate "2013.04.02"]
[SourceDate "2005.01.01"]

1. e4 d6 2. d4 Nf6 3. Nc3 e5 4. Nf3 Nbd7 5. Bc4 Be7 6. Ng5 O-O 7. Bxf7+ Rxf7 8.
Ne6 Qe8 9. Nxc7 Qd8 10. Nxa8 b6 11. dxe5 dxe5 12. Be3 Bb7 13. Nxb6 axb6 14. f3
Qc7 15. Qd2 Bb4 16. a3 Bc5 17. O-O-O Ne8 18. Bxc5 Nxc5 19. Qd8 Qxd8 20. Rxd8
Kf8 21. Nb5 Ne6 22. Rxe8+ Kxe8 23. Nd6+ Kf8 24. Nxf7 Kxf7 25. Rd1 Ke7 26. c3
Ng5 27. b4 b5 28. Kc2 Nf7 29. Kb3 Nd6 30. a4 Bc6 31. axb5 Bxb5 1/2-1/2